000 00566nam a2200217 a 4500
001 0001-1377
003 ELIB.Books
008 160712 2010 eng
020 _a0802842836
035 _a(ELIB.Books)0001-1532
092 _a225
100 _aWright, Tom
245 _aThe Original Jesus
_bThe Life and Vision of a Revolutionary
260 _aGrand Rapids.
_bWilliam B. Eerdmans Publishing Company
_c1996
300 _a160
_c24 Cm
856 _nKBTS: ELIB
942 _2ddc
_cBK
990 _a1
998 _cbat
_e2016-07-12
999 _c11377
_d11377